UNLOCKING THE POTENTIAL OF PUZZLE BASED LEARNING (Record no. 4581)

MARC details
000 -LEADER
fixed length control field 00439nam a22001577a 4500
008 - FIXED-LENGTH DATA ELEMENTS--GENERAL INFORMATION
fixed length control field 260304b |||||||| |||| 00| 0 eng d
020 ## - INTERNATIONAL STANDARD BOOK NUMBER
ISBN 9781529714098
100 ## - MAIN ENTRY--AUTHOR
Author NICHOLSON, SCOTT
245 ## - TITLE STATEMENT
Title UNLOCKING THE POTENTIAL OF PUZZLE BASED LEARNING
260 ## - PUBLICATION, DISTRIBUTION, ETC. (IMPRINT)
Place of publication London
Name of publisher A Sage Publishing company
Date of publication 2021
300 ## - COLLATION
Pagination iv, 181p.
Other physical details illus
650 ## - TRACINGS
Main Subject learning psychology
942 ## - ADDED ENTRY ELEMENTS (KOHA)
Item type Books
050 ## - LIBRARY OF CONGRESS CALL NUMBER
Classification number LB1029.G3
Item number .N53
Holdings
Source of classification or shelving scheme Not for loan Permanent location Current location Date acquired Accession No. Full call number Barcode. Copy number Koha item type
Library of Congress Classification   Samuel Ogbemudia Main Library, University of Abuja Samuel Ogbemudia Main Library, University of Abuja 03/04/2026 2024/62361 LB1029.G3 .N53 2026-0067 2 Books